Obálka Náhled e-knihy:
PDF Epub
Pro půjčování e-knih musíte být přihlášeni.
Jak si půjčit online?

Bestie /

Chris:  Celý svět mi měl ležet u nohou. Byla jsem stvořena k tomu, abych získala jen to nejlepší. On měl být mojí vstupenkou do ráje, jenže jsem dostala víc, než jsem vůbec očekávala.Finn:V okamžiku, kdy překročila práh mojí kanceláře, měla jasný plán. Jenže já měl už dávno ten svůj. Obrátí...

Celý popis

Uloženo v:
Hlavní autor: Keithe, Nicol (Autor)
Médium: E-kniha
Jazyk:Czech
Vydáno: Praha : Nakladatelství Solis s.r.o., 2024
Tagy:
Žádné tagy
LEADER 01387nam a22002297i 4500
001 312585
007 ta
008 260601s2024 xr ||||| |||| 00| 0 cze d
020 |a 9990004162624 
044 |a xr 
100 1 |a  Keithe, Nicol  |4 aut 
245 1 0 |a Bestie /  |c  Keithe, Nicol 
264 1 |a Praha :  |b Nakladatelství Solis s.r.o.,  |c 2024 
300 |a 1 online zdroj (205 stran) 
336 |a text  |b txt  |2 rdacontent 
337 |a bez média  |b n  |2 rdamedia 
338 |a online zdroj  |b cr  |2 rdacarrier 
520 2 |a Chris:  Celý svět mi měl ležet u nohou. Byla jsem stvořena k tomu, abych získala jen to nejlepší. On měl být mojí vstupenkou do ráje, jenže jsem dostala víc, než jsem vůbec očekávala.Finn:V okamžiku, kdy překročila práh mojí kanceláře, měla jasný plán. Jenže já měl už dávno ten svůj. Obrátí můj život naruby, nebo to budu já, kdo otřese jejím světem? Vítejte v mém osobním pekle. 
910 |a RBIT002 
998 |d 416262  |a https://core.palmknihy.cz/api/books/416262/cover?snlxa2  |b https://core.palmknihy.cz/api/books/416262/cover/400?snlxa2  |c https://core.palmknihy.cz/api/books/416262/cover/50?snlxa2  |e 2030-11-28  |g 205  |i 9990004162624  |j https://core.palmknihy.cz/api/books/416262/preview.epub  |k https://core.palmknihy.cz/api/books/416262/preview.pdf  |l   |q 49  |r 1  |s https://www.palmknihy.cz/kniha/416262  |t ebook  |y 2024  |z 1 
999 |d 312583